ARRUPE JESUIT UNIVERSITY

CORONAVIRUS -STOP THE SPREAD - CLEAN,DISINFECT,COVER

Referential opacity and modal logic / (Record no. 130854)

MARC details
000 -LEADER
fixed length control field 01148cam a22003254a 4500
001 - CONTROL NUMBER
control field 12686293
003 - CONTROL NUMBER IDENTIFIER
control field ARRUPE
005 - DATE AND TIME OF LATEST TRANSACTION
control field 20211014104954.0
008 - FIXED-LENGTH DATA ELEMENTS--GENERAL INFORMATION
fixed length control field 020221s2004 nyu b 001 0 eng
010 ## - LIBRARY OF CONGRESS CONTROL NUMBER
LC control number 2002017877
020 ## - INTERNATIONAL STANDARD BOOK NUMBER
International Standard Book Number 0415938511
035 ## - SYSTEM CONTROL NUMBER
System control number (DLC) 2002017877
035 ## - SYSTEM CONTROL NUMBER
System control number (DLC)2239
040 ## - CATALOGING SOURCE
Original cataloging agency DLC
Transcribing agency DLC
Modifying agency DLC
042 ## - AUTHENTICATION CODE
Authentication code pcc
050 00 - LIBRARY OF CONGRESS CALL NUMBER
Classification number BC199.M6
Item number F6 2004
082 00 - DEWEY DECIMAL CLASSIFICATION NUMBER
Classification number 160
Edition number 21
300 ## - PHYSICAL DESCRIPTION
Dimensions 24 cm.
100 1# - MAIN ENTRY--PERSONAL NAME
Personal name Føllesdal, Dagfinn.
9 (RLIN) 19838
245 10 - TITLE STATEMENT
Title Referential opacity and modal logic /
Statement of responsibility, etc Dagfinn Føllesdal.
260 ## - PUBLICATION, DISTRIBUTION, ETC. (IMPRINT)
Place of publication, distribution, etc New York :
Name of publisher, distributor, etc Routledge,
Date of publication, distribution, etc 2004.
300 ## - PHYSICAL DESCRIPTION
Extent xxxvi, 157 p. ;
490 1# - SERIES STATEMENT
Series statement Studies in philosophy
504 ## - BIBLIOGRAPHY, ETC. NOTE
Bibliography, etc Includes bibliographical references (p. 145-150) and index.
650 #0 - SUBJECT ADDED ENTRY--TOPICAL TERM
Topical term or geographic name as entry element Modality (Logic)
9 (RLIN) 28268
830 #0 - SERIES ADDED ENTRY--UNIFORM TITLE
Uniform title Studies in philosophy (New York, N.Y.)
9 (RLIN) 50482
856 42 - ELECTRONIC LOCATION AND ACCESS
Materials specified Publisher description
Uniform Resource Identifier <a href="http://www.loc.gov/catdir/enhancements/fy0647/2002017877-d.html">http://www.loc.gov/catdir/enhancements/fy0647/2002017877-d.html</a>
906 ## - LOCAL DATA ELEMENT F, LDF (RLIN)
a 7
b cbc
c orignew
d 1
e ocip
f 20
g y-gencatlg
942 ## - ADDED ENTRY ELEMENTS (KOHA)
Source of classification or shelving scheme Library of Congress Classification
Koha item type Monograph ( Printed materials)
Holdings
Withdrawn status Lost status Source of classification or shelving scheme Damaged status Not for loan Collection code Home library Current library Shelving location Date acquired Total Checkouts Full call number Barcode Date last seen Price effective from Koha item type
    Library of Congress Classification     Main Collection ARRUPE LIBRARY ARRUPE LIBRARY Main Collection 14/10/2021   BC199.M6 F6 2004 46600007350 14/10/2021 14/10/2021 Monograph ( Printed materials)

 

Arrupe Library. PO Box MP320 Mt Pleasant, Harare, Zimbabwe
263 242 745411|librarian@aju.ac.zw